Les couleurs de l'arc-en-ciel en 20 secondes - Statistiques

Statistiques générales
  • Ce quiz a été pris 38 fois
  • Le résultat moyen est 6 sur 7
Statistiques - réponses
Réponse % Correct
Bleu
97%
Rouge
97%
Violet
97%
Jaune
94%
Orange
94%
Vert
94%
Indigo
28%
Aucun quiz correspondant
Distribution des résultats
% des personnes avec chaque résultat
Percentile par nombre de réponses
Votre historique - résultats
Vous n’avez pas pris ce quiz